000 01790nam0a2200397 4500
001 RU\NLR\BIBL_A\011347613
005 20260419063658.0
010 _a978-5-485-00375-3
_93000
021 _aRU
_b2017-9924
_9730
035 _a(RuMoRGB)008796068
035 _a(NLR Aleph) 011347613
090 _a11226952
_c11226952
100 _a20170316d2016 |||y0rusy50 ca
101 0 _arus
_achu
_dgrc
102 _aRU
105 _ay|||w|||000zy
200 1 _aПсалтирь учебная
_eцерковнославянским, гражданским шрифтом
_fв переводе [с греческого] П. Юнгерова
205 _aИзд. 7-е
210 _aМосква
_cДаръ
_d2016
_d(макет 2017)
215 _a844 с.
_d17
225 1 _aМолитвенный покров
300 _aТекст рус., церковнославянский
320 _aБиблиогр. в подстроч. примеч.
327 1 _aВ кн. также: Псалтирь Пророка Давида / в русском переводе с греческого текста П. Юнгерова
333 _a6+
500 _aПсалтирь
_3RU\NLR\AUTH\559122
_92631169
500 _aБиблия
_iВ.З.
_iПсалтирь
_lПереработки
_3RU\NLR\AUTH\5510622
_92632622
608 _aПсалтырь богослужебная
_92072916
_3RU\NLR\AUTH\661247776
686 _aЭ372.24-507Псалтырь,0
_2rubbk
686 2 _aЭ372.24-507
702 1 _4730
_aЮнгеров
_bП. А.
_f1856-1921
_gПавел Александрович
_9150145
_3RU\NLR\AUTH\770150182
942 _cBOOK
980 _aNB